LIBRARY & INFORMATION CENTRE, KCAET, TAVANUR

ONLINE PUBLIC ACCESS CATALOGUE (OPAC)

Agriculture and Environment (Record no. 15642)

MARC details
000 -LEADER
fixed length control field 00355nam a22001457a 4500
003 - CONTROL NUMBER IDENTIFIER
control field OSt
008 - FIXED-LENGTH DATA ELEMENTS--GENERAL INFORMATION
fixed length control field 190522b ||||| |||| 00| 0 eng d
020 ## - INTERNATIONAL STANDARD BOOK NUMBER
ISBN 9788176486033
082 ## - DEWEY DECIMAL CLASSIFICATION NUMBER
Classification number 630
Item number KHA/AG
100 ## - MAIN ENTRY--AUTHOR NAME
Personal name Khan, M A.
245 ## - TITLE STATEMENT
Title Agriculture and Environment
260 ## - PUBLICATION, DISTRIBUTION, ETC. (IMPRINT)
Place of publication New Delhi
Name of publisher APh Publishing Corporation
300 ## - PHYSICAL DESCRIPTION
Number of Pages 403 p.
942 ## - ADDED ENTRY ELEMENTS (KOHA)
Koha item type Books
Holdings
Withdrawn status Lost status Damaged status Collection code Home library Current library Shelving location Date acquired Full call number Accession Number Koha item type
      Non-fiction KAUAET KAUAET General Stacks 22/05/2019 630 KHA/AG 25875 Books
      Non-fiction KAUAET KAUAET General Stacks 22/05/2019 630 KHA/AG 25874 Books
free website counter